000 00341nam a2200133Ia 4500
008 240624s9999 xx 000 0 und d
041 _aeng
082 _a823 PAT
100 _aPATHAK AYUSH
245 _aTEMPLE OF AVINASI THE LEGEND OF THE KALK
260 _c2013
_aNew Delhi
_bFrog Books
300 _a389 : p. : cm. ; 23
365 _cRS
_b25
999 _c23741
_d23741